00636nam a2200205Ia 4500008004100000020002100041041000800062082002000070100001700090245004500107260005500152300000800207365001200215650002200227650002300249700001500272942001200287999001900299952011200318140306s9999 xx 000 0 und d a81 85475 89 x aeng a338 .04bSUB/EC aSubha Rao, P aEconomics of entrepreneurial development aNew DelhibKanishka Publishers Distributorsc 1993 a388 bRs .450 aBusiness planning aexternal resources aSundram, M 2ddccBK c179899d179899 00102ddc4070aKAUCBVbKAUCBVd2004-05-02g450.00l0o338 .04 SUB/ECr2014-03-22 00:00:00w2014-03-22yBK